000 01013cam a22003012 4500
001 42839
003 BD-RJUL
005 20211209053612.0
008 160616s19791968enk b 001 0 eng d
020 _a0333015509 (1979)
035 _a(BR-RJUL)42957
040 _aMBB
_cMBB
_dUKM
_dOCL
_dBR-RJUL
_beng
041 _aeng
082 0 4 _a515.02433
_223
_bALM 1968-1979
100 1 _aAllen, R. G. D.
_q(Roy George Douglas)
_9131619
245 1 0 _aMathematical Analysis For Economists /
_cby R. G. D. Allen.
250 _aELBS ed.
260 _aLondon :
_bMacmillan Press
_c1968 [reprinted 1971-1979]
300 _axv, 548 p. :
_bill. ;
_c23 cm.
490 1 _aStudies in statistics and scientific method ;
_vno. 3
500 _a"First edition 1938."
500 _aIncludes index.
504 _aBibliography : p. [xiv]-xv.
650 0 _aMathematical analysis.
_9116520
650 0 _aEconomics, Mathematical.
_9116902
830 0 _aStudies in statistics and scientific method ;
_vno. 3
_9234519
942 _2ddc
_cBK
999 _c42839
_d42839